| 000 | 00551cam a2200193ua 4500 | ||
|---|---|---|---|
| 001 | 1856 | ||
| 008 | 110811n ii |||gr||||Z||||||eng | ||
| 040 | _cMAIN | ||
| 082 | _a370.1 | ||
| 100 |
_aBhatia, Kamala, _eAuthor. |
||
| 245 | 1 |
_aPhilosophical and sociological foundations of education _cby Kamala Bhatia |
|
| 250 | _a1st. | ||
| 260 |
_aDelhi: _bDoaba House, _c2000. |
||
| 300 |
_axv; 331p: _c23CM. |
||
| 653 | _aEducation | ||
| 653 | _aPhilosophical and sociological foundations of education | ||
| 700 |
_aBhatia, Baldev, _eAuthor. |
||
| 942 | _cBK | ||
| 999 |
_c1738 _d1738 |
||